| 000 | 00555nam a2200193Ia 4500 | ||
|---|---|---|---|
| 999 |
_c34597 _d34597 |
||
| 003 | OSt | ||
| 005 | 20200908110818.0 | ||
| 008 | 190216s9999||||xx |||||||||||||| ||und|| | ||
| 020 | _a9788121914413 | ||
| 040 | _coclc | ||
| 082 |
_a535.05 _bMUR/O |
||
| 100 |
_aMurugeshan, R _94330 |
||
| 245 | 0 |
_aOptics And Spectroscopy / _cR Murugeshan ; Kiruthiga Sivaprasath |
|
| 250 | _a8th Ed. | ||
| 260 |
_bS. Chand & Company, _c2012. _aNew Delhi: |
||
| 300 | _a490p | ||
| 650 | _aPhysics | ||
| 942 |
_cBK _2ddc _h535.05 _iMUR/O _k535.05 _mMUR/O |
||